MANAGING FACILITIES FOR RESULTS OPTIMIZI (Record no. 13168)

MARC details
000 -LEADER
fixed length control field 00364nam a2200133Ia 4500
008 - FIXED-LENGTH DATA ELEMENTS--GENERAL INFORMATION
fixed length control field 240624s9999 xx 000 0 und d
041 ## - LANGUAGE CODE
Language code of text/sound track or separate title eng
082 ## - DEWEY DECIMAL CLASSIFICATION NUMBER
Classification number 020 BRY
100 ## - MAIN ENTRY--PERSONAL NAME
Personal name BRYAN CHERYL
245 ## - TITLE STATEMENT
Title MANAGING FACILITIES FOR RESULTS OPTIMIZI
260 ## - PUBLICATION, DISTRIBUTION, ETC.
Date of publication, distribution, etc. 2009
Place of publication, distribution, etc. New Delhi
Name of publisher, distributor, etc. Indiana Publishing House
300 ## - PHYSICAL DESCRIPTION
Extent xviii, : 221 : p. : cm. ; 28
365 ## - TRADE PRICE
Currency code RS
Price amount 20
Holdings
Withdrawn status Lost status Damaged status Not for loan Home library Current library Shelving location Date acquired Source of acquisition Cost, normal purchase price Total Checkouts Total Holds Full call number Barcode Date last seen Copy number Price effective from Koha item type
        IMTN IMTN Rack 2-B 05/12/2009 WBD 1295.00   32 020 BRY 13168 06/24/2024 1 06/24/2024 Books
Designed & Maintained by: LRC IMT Nagpur Contact: lrc@imtnag.ac.in© 2024. All Rights Reserved.